书目信息 |
| 题名: |
外国观与外语教学
|
|
| 作者: | 扎拉特 著 ;谢詠 , 刘巍 译 | |
| 分册: | ||
| 出版信息: | 上海 上海人民出版社 2019.07 |
|
| 页数: | 166页 | |
| 开本: | 21cm | |
| 丛书名: | ||
| 单 册: | ||
| 中图分类: | H09 | |
| 科图分类: | ||
| 主题词: | 外语教学--wai yu jiao xue--教学研究 | |
| 电子资源: | ||
| ISBN: | 978-7-208-15861-0 | |
| 000 | 01409nam0 2200313 450 | |
| 001 | CAL 0120192809807 | |
| 005 | 20190812140733.9 | |
| 010 | @a978-7-208-15861-0@dCNY48.00 | |
| 100 | @a20190812d2019 em y0chiy50 ea | |
| 101 | 1 | @achi@cfre |
| 102 | @aCN@b310000 | |
| 105 | @aak a 001yy | |
| 106 | @ar | |
| 200 | 1 | @a外国观与外语教学@Awai guo guan yu wai yu jiao xue@f(法) 热纳维耶芙·扎拉特著@F( fa ) re na wei ye fu· zha la te zhu@d= Representations De L'etranger Et Didactique Des Langues@fGenevieve Zarate@g谢詠, 刘巍译@zfre |
| 210 | @a上海@c上海人民出版社@d2019.07 | |
| 215 | @a166页@c图@d21cm | |
| 300 | @a欧洲共同体委员会语言司 (PCE no92-01/0496/F-IB) 的资助 | |
| 314 | @a热纳维耶芙·扎拉特, 法国国立东方语言文化学院名誉教授。谢詠, 巴黎第三大学语言文化教学法博士。刘巍, 博士, 现任广东外语外贸大学法语副教授。 | |
| 320 | @a有书目和索引 | |
| 330 | @a该书着力探索全球化背景下外语教学与研究的新路径, 试图把对“他者”的拷问结合进外语教学的目标和步骤当中。内容包括: 外语课堂与地缘政治教育 ; 外国表征 ; 外语教材描述质量评估等。 | |
| 500 | 10 | @aRepresentations De L'etranger Et Didactique Des Langues@mChinese |
| 586 | @a | |
| 606 | 0 | @a外语教学@Awai yu jiao xue@x教学研究 |
| 690 | @aH09@v5 | |
| 701 | 1 | @a扎拉特@Aza la te@g(Zarate, Genevieve)@4著 |
| 702 | 0 | @a谢詠@Axie yong@4译 |
| 702 | 0 | @a刘巍@Aliu wei@4译 |
| 801 | 0 | @aCN@c20190812 |
| 905 | @a河南城建学院图书馆@dH09@eZ035@f2 | |
| 外国观与外语教学/(法) 热纳维耶芙·扎拉特著= Representations De L'etranger Et Didactique Des Langues/Genevieve Zarate/谢詠, 刘巍译.-上海:上海人民出版社,2019.07 |
| 166页:图;21cm |
| 欧洲共同体委员会语言司 (PCE no92-01/0496/F-IB) 的资助 |
| ISBN 978-7-208-15861-0:CNY48.00 |
| 该书着力探索全球化背景下外语教学与研究的新路径, 试图把对“他者”的拷问结合进外语教学的目标和步骤当中。内容包括: 外语课堂与地缘政治教育 ; 外国表征 ; 外语教材描述质量评估等。 |
| ● |
| 相关链接 |
|
|
|
正题名:外国观与外语教学
索取号:H09/Z035
 
预约/预借
| 序号 | 登录号 | 条形码 | 馆藏地/架位号 | 状态 | 备注 |
| 1 | 1414555 | 214145557 | 语言库209/209语言库 68排4列2层/ [索取号:H09/Z035] | 在馆 | |
| 2 | 1414556 | 214145566 | 语言库209/209语言库 68排4列2层/ [索取号:H09/Z035] | 在馆 |